Európska rada pre systémové riziko - prínos k obnove finančnej stability bakalárska práca

Saved in:
Bibliographic Details
Main Author: Čambálová, Adriána
Corporate Author: Národohospodárska fakulta EU. Katedra bankovníctva a medzinárodných financií
Other Authors: Kozmová, Lucia
Format: Book
Language:Slovak
Published: Bratislava 2013
Tags: Add Tag
No Tags, Be the first to tag this record!

MARC

LEADER 00000nbm a2200000 4500
001 0172565
005 20161109112101.1
041 0 |a slo 
044 |a SK 
245 1 0 |a Európska rada pre systémové riziko - prínos k obnove finančnej stability  |b bakalárska práca  |c Adriána Čambálová ; školiteľ: Lucia Kozmová 
264 1 |a Bratislava  |c 2013 
300 |a 47 s. 
100 1 |a Čambálová, Adriána 
700 1 |a Kozmová, Lucia 
710 2 |a Národohospodárska fakulta EU. Katedra bankovníctva a medzinárodných financií